[Event "Llinars del Valles op-B 13th"]
[Site "Llinars del Valles"]
[Date "2019.05.04"]
[Round "4"]
[White "Ramirez Cruz, Alberto"]
[Black "Quintana Serra, Jordi"]
[Result "1/2-1/2"]
[WhiteElo "1274"]
[BlackElo "1520"]
[PlyCount "135"]
[EventDate "2019.03.30"]
[EventType "swiss"]
[EventRounds "8"]
[EventCountry "ESP"]
[SourceTitle "EXT 2020"]
[Source "ChessBase"]
[SourceDate "2019.10.17"]
[SourceVersion "1"]
[SourceVersionDate "2019.10.17"]
[SourceQuality "1"]

1. e4 e5 2. Nf3 Nc6 3. Bc4 Bc5 4. c3 Nf6 5. d3 h6 6. Nbd2 d6 7. Nf1 Ng4 8. d4 exd4 9. cxd4 Bb6 10. h3 Nf6 11. Ng3 0-0 12. 0-0 Ba5 13. a3 Re8 14. b4 Bb6 15. Re1 a6 16. Bb2 Ba7 17. d5 Ne5 18. Bb3 b5 19. Nxe5 dxe5 20. a4 Bd7 21. Kf1 Qb8 22. Bc3 Qb6 23. Re2 Ng4 24. hxg4 Bxg4 25. Ke1 Bxe2 26. Qxe2 Qf6 27. axb5 axb5 28. Ra2 Bd4 29. Bxd4 exd4 30. Qxb5 Reb8 31. Rxa8 Rxa8 32. Qd7 Ra1+ 33. Bd1 Rc1 34. Qc8+ Kh7 35. Qf5+ Qxf5 36. Nxf5 Rb1 37. Ke2 Rxb4 38. f3 Rb2+ 39. Kf1 d3 40. g4 g6 41. Ng3 Kg7 42. Nh1 Kf6 43. Nf2 Rb1 44. Ke1 h5 45. Nxd3 h4 46. Nf2 Ke5 47. Nh3 f6 48. Kd2 Rb2+ 49. Bc2 g5 50. Kc1 Rb5 51. Kd2 Kd4 52. Nf2 Rc5 53. Nd3 Ra5 54. Nf2 Ra2 55. Nh3 Ra3 56. Ng1 h3 57. Nxh3 Rxf3 58. Ng1 Ra3 59. Ne2+ Ke5 60. Kd1 Ra2 61. Kc1 Rxc2+ 62. Kxc2 Kxe4 63. Nc3+ Ke5 64. Kd3 f5 65. gxf5 Kxf5 66. Ke3 Ke5 67. Kf3 Kd6 68. Kg4 1/2-1/2